000 00398cam a22001337a 4500
008 180718b1988 xxu||||| |||| 00| 0 eng d
082 _aB136x5441 P886
100 _aPrasad, Kamta
245 _aPlanning at the grass roots
_cby Kamta Prasad
260 _aNew Delhi
_bSterling
_c1988
300 _a200p.
650 _aRural development - India - Bihar.
650 _aRural development - India - Gujarat
999 _c351636
_d351636